000 00663nam a2200205Ia 4500
003 GCL
008 140319s9999 xx 000 0 ara d
040 _aGCL /
_cGCL
082 0 4 _a812.009
_bم م
100 1 _aمحمد مندور
245 1 0 _aالمسرح /
_cمحمد مندور
260 _a[S.N] :
_bنهضة مصر للطباعة والنشر والتوزيع ،
_c1989
300 _a175 ص
490 _aفنون الادب العربى (الفن التمثيلى)
_v0
650 0 4 _aالادب العربى
650 0 4 _aالتمثيل فى المسرح
650 0 4 _aالمسرح العربى
650 0 4 _aتاريخ ونقد
942 _2ddc
_cBK
999 _c30493
_d30493